LEADER 00898nam a2200241 i 4500 001 000000116658 003 CaOOAMICUS 005 20100721000000.0 008 100721s1985 it u000 u ita u 013 $a89347 020 $a88-339-0038-X 040 $aSeMil$bita 100 1 $aFreud, Anna,$d<1895-1982>.$0(OLS)http://semarc/name/6089 245 10$aOpere 1922-1943 /$cAnna Freud. 260 $aTorino :$bBoringhieri,$c1985. 300 $a396 p. ;$c22 cm. 773 0 $tOpere di Anna Freud.$dTorino : Boringhieri, 1985.$gVol.1$w()12801 850 $aSeMil 852 $aSeMil$W1$xVenegono$y1$m2O III 3$j72076$B72076$CSeMilBibl$Z2$F92165 $81 961 $aOmaggio: Bidoglio don Maurizio 996 $6020$a88-339-0038-X$9(OLS)http://semarc/number/100815 996 $6245$aOpere 1922-1943$9(OLS)http://semarc/title/171076 996 $6260$aTorino :$bBoringhieri$9(OLS)http://semarc/publisher/30229 LEADER 01188nam a2200253 i 4500 001 000000127211 003 CaOOAMICUS 005 20220128141156.0 008 090914s2005 it u000 u ita u 013 $a99919 040 $aSeMil$bita 110 2 $aConferenza Episcopale Italiana.$0(OLS)http://semarc/name/95789 245 10$aAtti della 54. Assemblea Generale :$bRoma, 30-31 maggio 2005 /$cConferenza Episcopale Italiana. 260 $aRoma :$b[s.n.],$c2005$e(Roma :$fArti Grafiche Tris ,$g2005) 300 $aIV, 314 p. ;$c22 cm. 650 4$aConferenza Episcopale Italiana.$0(OLS)http://semarc/subject/657 711 2 $aConferenza Episcopale Italiana : Assemblea Generale <54. ; 2005 ; Roma>.$0(OLS)http://semarc/name/52879 830 0$a[Atti delle Assemblee generali della CEI] ;$v54.$0(OLS)http://semarc/title/39045 850 $aSeMil 852 $aSeMil$W1$xVenegono$y1$m2BA B 54$j256021$B81530$CSeMilBibl$Z2$F83679 $81 961 $aOmaggio: De Scalzi Ecc. Erminio 996 $6245$aAtti della 54. Assemblea Generale :$bRoma, 30-31 maggio 2005$9(OLS)http://semarc/title/187709 996 $6260$aRoma :$b[s.n.]$9(OLS)http://semarc/publisher/29738